Unbounded linear operators : Theory and applications
This book constitutes a good starting point to get acquainted with such operators, mostly with closed and strictly singular ones. It includes some applications to perturbation theory and ordinary differential equations, and gives some comments on the Dirichlet problem for PDE's. Finally, its ex...
Bewaard in:
| Hoofdauteur: | |
|---|---|
| Formaat: | Boek |
| Taal: | Undetermined |
| Gepubliceerd in: |
New York
McGraw-Hill
1966
|
| Onderwerpen: | |
| Tags: |
Voeg label toe
Geen labels, Wees de eerste die dit record labelt!
|
| Thư viện lưu trữ: | Trung tâm Học liệu Trường Đại học Cần Thơ |
|---|
| LEADER | 00914nam a2200205Ia 4500 | ||
|---|---|---|---|
| 001 | CTU_19799 | ||
| 008 | 210402s9999 xx 000 0 und d | ||
| 082 | |a 515.7246 | ||
| 082 | |b G617 | ||
| 100 | |a Golberg, Seymour | ||
| 245 | 0 | |a Unbounded linear operators : | |
| 245 | 0 | |b Theory and applications | |
| 245 | 0 | |c Seymour Golberg | |
| 260 | |a New York | ||
| 260 | |b McGraw-Hill | ||
| 260 | |c 1966 | ||
| 520 | |a This book constitutes a good starting point to get acquainted with such operators, mostly with closed and strictly singular ones. It includes some applications to perturbation theory and ordinary differential equations, and gives some comments on the Dirichlet problem for PDE's. Finally, its extensive list of references motivates you to deeper study. | ||
| 650 | |a Linear operators,Toán tử tuyến tính | ||
| 904 | |i Minh,Hải | ||
| 980 | |a Trung tâm Học liệu Trường Đại học Cần Thơ | ||